000 00689nam a2200241 i 4500
001 14521
003 ES-MaACL
005 20250815164030.0
007 t|
008 930413s1993 sp a |||| | spa j
020 _a84-7720-270-2
080 _a291.37
100 1 _aMartínez Otero, Luis Miguel.
_978299
245 1 3 _aLa cruz /
_cLuis Miguel Martínez Otero.
250 _a1ª ed.
260 _aBarcelona :
_bObelisco,
_c1993.
300 _a85 p. :
_bil. ;
_c21 cm.
490 1 _aBiblioteca de los símbolos ;
_v8
650 7 _aSignos y símbolos
_2embne
_917097
830 0 _aBiblioteca de los símbolos ;
_v8
_9179345
852 _aES-MaACL
_jL-21736
999 _c14521
_d14521